Peperiksaan A.V.O. : Nilaian Keteraan (1977-1985)

Bibliographic Details
Format: Book
Subjects:
Online Access:http://app-inspen:7778/pls/portal/url/ITEM/DA86A21C4FAB5260E0340003BA5D2E99

MARC

LEADER 00000cam a2200000 7i4500
001 0000014602
005 20040602.0
040 |a INS 
090 0 0 |a P.AVO1 
245 0 0 |a Peperiksaan A.V.O. :   |b Nilaian Keteraan (1977-1985) 
500 |a Digital document is available on-line; Please click the URL below 
650 0 0 |a Peperiksaan Penolong Pegawai Penilaian 
856 |u http://app-inspen:7778/pls/portal/url/ITEM/DA86A21C4FAB5260E0340003BA5D2E99 
999 |a PAVO000006   |b BOOK   |c Course Notes   |e Default branch